000 00780aam a2200301 i 4500
001 768714001
003 CO-MdFUSB
005 20250506155234.0
007 ta
008 250506t1988 -cn |||| |||| 00| 0 eng d
020 _a0-921702-00-0
040 _cCO-MdFUSB
041 0 _aeng
082 0 4 _223
_a241.4
_bB695r
100 1 _aBombay, Cal
_eautor
245 1 0 _aThe right stuff
_c/ Cal Bombay
264 1 _bCrossroads Christian Communications Inc,
_aOntario, Canada :
_c[1988]
264 4 _c©1988
300 _a170 páginas
336 _atexto
_btxt
_2rdacontent
337 _2rdamedia
_asin mediación
_bn
338 _2rdacarrier
_avolumen
_bnc
563 _aJTF-925
653 _aTeología moral
942 _cBK
945 _aJTF-925
999 _c35393
_d35393